Rosco de Pasapalabra #85 - Estadísticas

Estadísticas generales
  • Esta prueba ha sido intentada 238 veces
  • La puntuación promedio es 11 de 25
Estadísticas de respuestas
Inicial Definición Respuesta % Correcto
D Juego que se practica sobre un tablero de sesenta y cuatro escaques, con doce fichas para cada jugador Damas
84%
F Perteneciente o relativo a la fiebre Febril
80%
A Enigma o adivinanza que se propone como pasatiempo Acertijo
79%
B Órgano propio de los vertebrados, a la izquierda del estómago, que participa en la formación de los linfocitos Bazo
77%
Contiene la Q Pieza de gasa o de otro tejido similar que se cuelga sobre la cama para impedir que pasen los mosquitos Mosquitero
70%
I Entrega recíproca de cosas, entre 2 o más partes, hecho por cada una en correspondencia a lo recibido de otra Intercambio
65%
V Día que antecede inmediatamente a otro determinado, especialmente si es fiesta Víspera
65%
H Acostumbrar o hacer que alguien se acostumbre a algo Habituar
62%
L Presidente del Gobierno autonómico del País Vasco Lendakari
61%
G Alambre o varilla doblada por un extremo, que se utiliza para abrir cerraduras Ganzúa
60%
C Persona que va de campamento o de acampada Campista
59%
O Conjunto de los países de Asia y de algunas regiones de África y Europa contiguas a Asia Oriente
58%
T Rizo largo de cabello que cuelga en espiral Tirabuzón
56%
R Coloquialmente, frío intenso Rasca
47%
Z Primera persona del plural del futuro simple de indicativo del verbo zampar Zamparemos
45%
P Lugar, ciudad o país en que se ha nacido Patria
41%
U Bóvido salvaje muy parecido al toro, pero de mayor tamaño, que abundó en Europa central y se extinguió en 1627 Uro
28%
J Cualidad de la persona alegre, bromista o de buen humor Jovialidad
27%
N Se dice del arte u obra artística caracterizado por la representación sencilla, casi infantil, de la realidad Naíf
25%
Contiene la X Esperanza de realizar o conseguir algo Expectativa
22%
M Número de sílabas y pauta de acentuación de un verso Medida
12%
Contiene la Ñ Laguna de agua Estaño
3%
E Antigua ciudad de la provincia romana de Britania que corresponde con la actual localidad inglesa de York Eboracum
2%
Contiene la Y Tela muy fina que se fabrica en Filipinas con las fibras más delicadas del abacá y de la pita Sinamay
2%
S Apellido del arquitecto que realizó la torre de la catedral de El Burgo de Osma, en la provincia de Soria Sagarbinaga
1%
No se encontraron pruebas coincidentes
Distribución de puntuación
Porcentaje de gente con cada puntuación
Porcentaje por número respondido
Historial de tus puntuaciones
No has intentado esta prueba.